| 000 | 03778nam a2200421Ia 4500 | ||
|---|---|---|---|
| 003 | OSt | ||
| 005 | 20260705145037.0 | ||
| 008 | 2310s2022 ua a frm 000 engnd d | ||
| 040 |
_aEG-EULC _beng _cEG-EULC _dEG-EULC _erda |
||
| 041 | 0 |
_aeng _beng _bara |
|
| 049 | _aDeposit | ||
| 082 | _a610 | ||
| 092 |
_a610 _221 |
||
| 097 | _aM.Sc | ||
| 099 | _aCai01.19.04.M.Sc.2022.Ib.C | ||
| 100 |
_aIbrahim Adel Mohammed Shaker, _epreparation. |
||
| 245 |
_aClinicopathological Study and Management of Primary Malignant Scapular Tumors 10 years National Cancer Institute experience / _cby Ibrahim Adel Mohammed Shaker ; Supervised Prof.Dr.Magdy Ibrahim Elsherbiny , Prof.Dr.Ihab Samy Fayek , Prof.Dr.Ibrahim Abdelrahman Ibrahim |
||
| 246 | _aدراسة باثولوجيه اكلينيكية وعلاجية للأورامالخبيثة الأولية لعظمة اللوح خبرة العشر سنوات الأخيرة بالمعهد القومي للأورام | ||
| 264 | 0 | _c2022. | |
| 300 |
_a147 p. : _billustrations ; _c25cm+ _eCD |
||
| 336 |
_2rda content _atext |
||
| 337 |
_2rdamedia _aUnmediated |
||
| 338 |
_2rdacarrier _avolume |
||
| 502 | _aThesis (M.Sc.)-Cairo University,2022. Thesis (Ph.D)-Cairo University,2022. | ||
| 504 | _aBibliography: p. 124-144. | ||
| 520 | 3 | _aIntroduction: Primary malignant bone tumours of the scapula are very rare. Apart from limited small series and some case reports, international literature on flat bone sarcoma is exiguous and not much is known about the oncological outcome Aim of work: Reviewing clinicopathological features and surgical management of cases with primary malignant scapular tumors at NCI from January 2009 to December 2019. Patients and methods: This was a retrospective descriptive analysis involving 25 patients with primary malignant scapular tumors who were presented at National Cancer Institute (NCI), Cairo University (CU) over a period of 10 years from January 2009 to December2019 to discuss different clinicopathological CHARacteristics and surgical managements. Results: The Mean age of our patients was 33.4years old ranging from 9 to 86 year, males are 14 patients (56%) while only 11 patients (44%) are female, in our study and the results were chondrosarcoma in 14 patients (56.0), EWING/PNET in 7 patients (28.0%), Osteosarcoma in 2 patients (8.0%), spindle cell sarcoma in 1 patient (4.0) and Aneurysmal bone cyst in 1 patient (4.0%).Also there were 13 patients (52.0%) treated with type IIA resection , 6 patients (24%) treated with type IIIB resection and only 1 patient (4.0%) treated with type IVB resection.in addition , there were another 5 patients (20.0%) had no surgical intervention due to very poor general condition and metastatic nature. Overall survival at 6 months was 92% and was 88%, 75.4% and 65.4% at first year, 3rd year and 5 th year respectively Conclusion: Primary malignant scapular tumor is usually rare, early diagnosis is very important, as surgical excision with wide negative margin (limb sparing surgery) is the main line of treatment in most of cases and to decrease recurrence rate, otherwise palliative treatment and forequarter amputation may be indicated | |
| 530 | _aIssues also as CD. | ||
| 546 | _aText in English and abstract in Arabic & English. | ||
| 650 | _aCancer | ||
| 653 | _atumors | ||
| 700 |
_aMagdy Ibrahim Elsherbiny _ethesis advisor. |
||
| 700 |
_aIhab Samy Fayek _ethesis advisor. |
||
| 700 |
_aIbrahim Abdelrahman Ibrahim _ethesis advisor. |
||
| 900 |
_b01-01-2022 _cMagdy Ibrahim Elsherbiny _cIhab Samy Fayek _cIbrahim Abdelrahman Ibrahim _UCairo University _FNational Cancer Institute _DDepartment of surgical oncology |
||
| 905 | _aShimaa | ||
| 942 |
_cTH _2ddc |
||
| 999 | _c163908 | ||